00298nam a2200121Ia 4500008004100000100002300041245004400064260002600108300000800134650001000142942000700152999001700159190216s9999||||xx |||||||||||||| ||und|| aRamamoorthi Mishra 0aHindi-Mahamanav Banne Ki Achar Samhitha bAlpna Prakashanc2008 a120 aHindi cBK c16524d16524